[Event "ODJM A 2024"]
[Site "Willingen GER"]
[Date "2024.05.25"]
[Round "9"]
[White "Brockhoff, Moritz"]
[Black "Stegert, Jonas"]
[Result "0-1"]
[Termination "normal"]
[Board "12"]
[WhiteElo "2013"]
[BlackElo "1927"]
[WhiteClock "01:00:58"]
[BlackClock "00:17:26"]
[PlyCount "40"]
[WhiteFideId "16214927"]
[BlackFideId "16247965"]
[EventCountry "GER"]
[EventRounds "9"]
[EventType "swiss"]
[EventDate "2024.05.18"]

1. e4 {[%clk 01:30:58]} {[%emt 00:00:01]} c5 {[%clk 01:30:57]} {[%emt
00:00:04]} 2. b4 {[%clk 01:31:15]} {[%emt 00:00:12]} cxb4 {[%clk 01:30:53]}
{[%emt 00:00:35]} 3. a3 {[%clk 01:31:14]} {[%emt 00:00:31]} bxa3 {[%clk
01:30:56]} {[%emt 00:00:28]} 4. d4 {[%clk 01:31:40]} {[%emt 00:00:03]} e6
{[%clk 01:28:55]} {[%emt 00:02:30]} 5. Bxa3 {[%clk 01:31:29]} {[%emt 00:00:41]}
Bxa3 {[%clk 01:29:13]} {[%emt 00:00:12]} 6. Nxa3 {[%clk 01:31:57]} {[%emt
00:00:03]} Ne7 {[%clk 01:26:07]} {[%emt 00:03:35]} 7. Bd3 {[%clk 01:28:33]}
{[%emt 00:03:53]} O-O {[%clk 01:20:45]} {[%emt 00:05:53]} 8. Nf3 {[%clk
01:27:02]} {[%emt 00:02:01]} b6 {[%clk 01:19:10]} {[%emt 00:02:06]} 9. Nb5
{[%clk 01:26:10]} {[%emt 00:01:21]} Ba6 {[%clk 01:12:52]} {[%emt 00:06:48]} 10.
e5 {[%clk 01:15:01]} {[%emt 00:11:39]} Bxb5 {[%clk 01:13:09]} {[%emt 00:00:13]}
11. Bxh7+ {[%clk 01:15:08]} {[%emt 00:00:23]} Kxh7 {[%clk 01:05:47]} {[%emt
00:07:52]} 12. Ng5+ {[%clk 01:15:36]} {[%emt 00:00:03]} Kg6 {[%clk 00:48:39]}
{[%emt 00:17:37]} 13. Qg4 {[%clk 01:02:32]} {[%emt 00:13:34]} f5 {[%clk
00:47:11]} {[%emt 00:01:59]} 14. exf6 {[%clk 01:01:02]} {[%emt 00:02:00]} Kxf6
{[%clk 00:46:25]} {[%emt 00:01:15]} 15. Ne4+ {[%clk 01:01:06]} {[%emt
00:00:26]} Kf7 {[%clk 00:46:37]} {[%emt 00:00:19]} 16. Qh5+ {[%clk 01:01:33]}
{[%emt 00:00:03]} Kg8 {[%clk 00:30:26]} {[%emt 00:16:39]} 17. Ra3 {[%clk
01:01:21]} {[%emt 00:00:42]} Rf5 {[%clk 00:27:52]} {[%emt 00:03:04]} 18. Qh4
{[%clk 01:01:48]} {[%emt 00:00:04]} Nec6 {[%clk 00:22:47]} {[%emt 00:05:35]}
19. Qg4 {[%clk 01:01:42]} {[%emt 00:00:35]} Qe7 {[%clk 00:19:35]} {[%emt
00:03:42]} 20. Rg3 {[%clk 01:00:58]} {[%emt 00:01:15]} Nxd4 {[%clk 00:17:26]}
{[%emt 00:02:39]} 0-1

[Event "ODJM A 2024"]
[Site "Willingen GER"]
[Date "2024.05.25"]
[Round "9"]
[White "Niesel, Tobias"]
[Black "Zobel, Christian"]
[Result "1/2-1/2"]
[Termination "normal"]
[Board "13"]
[WhiteElo "1943"]
[BlackElo "2013"]
[WhiteClock "00:14:27"]
[BlackClock "00:07:10"]
[PlyCount "58"]
[WhiteFideId "12962155"]
[BlackFideId "16259068"]
[EventCountry "GER"]
[EventRounds "9"]
[EventType "swiss"]
[EventDate "2024.05.18"]

1. c4 {[%clk 01:30:57]} {[%emt 00:00:02]} e6 {[%clk 01:30:36]} {[%emt
00:00:24]} 2. g3 {[%clk 01:31:20]} {[%emt 00:00:07]} Nf6 {[%clk 01:30:56]}
{[%emt 00:00:10]} 3. Bg2 {[%clk 01:31:39]} {[%emt 00:00:11]} d5 {[%clk
01:31:15]} {[%emt 00:00:12]} 4. Nf3 {[%clk 01:32:01]} {[%emt 00:00:08]} Be7
{[%clk 01:31:37]} {[%emt 00:00:07]} 5. O-O {[%clk 01:32:24]} {[%emt 00:00:08]}
O-O {[%clk 01:31:55]} {[%emt 00:00:13]} 6. b3 {[%clk 01:31:16]} {[%emt
00:01:37]} b6 {[%clk 01:31:38]} {[%emt 00:00:47]} 7. Bb2 {[%clk 01:29:09]}
{[%emt 00:02:37]} Bb7 {[%clk 01:31:32]} {[%emt 00:00:36]} 8. d3 {[%clk
01:27:55]} {[%emt 00:01:44]} c5 {[%clk 01:30:02]} {[%emt 00:02:00]} 9. e3
{[%clk 01:26:50]} {[%emt 00:01:34]} Nbd7 {[%clk 01:27:11]} {[%emt 00:03:21]}
10. Qe2 {[%clk 01:22:02]} {[%emt 00:05:20]} Qc7 {[%clk 01:13:02]} {[%emt
00:14:38]} 11. Nc3 {[%clk 01:11:50]} {[%emt 00:10:42]} a6 {[%clk 01:11:30]}
{[%emt 00:02:02]} 12. Rac1 {[%clk 01:09:56]} {[%emt 00:02:24]} Bc6 {[%clk
01:06:37]} {[%emt 00:05:22]} 13. d4 {[%clk 01:02:41]} {[%emt 00:07:45]} dxc4
{[%clk 00:58:32]} {[%emt 00:08:36]} 14. bxc4 {[%clk 01:02:11]} {[%emt
00:01:00]} Qb7 {[%clk 00:57:34]} {[%emt 00:01:27]} 15. a4 {[%clk 00:55:00]}
{[%emt 00:07:42]} Rac8 {[%clk 00:51:51]} {[%emt 00:06:11]} 16. Rfd1 {[%clk
00:54:24]} {[%emt 00:01:08]} Ne4 {[%clk 00:44:04]} {[%emt 00:08:17]} 17. Nxe4
{[%clk 00:41:41]} {[%emt 00:13:13]} Bxe4 {[%clk 00:44:32]} {[%emt 00:00:02]}
18. Ne1 {[%clk 00:41:20]} {[%emt 00:00:52]} Bxg2 {[%clk 00:40:58]} {[%emt
00:04:03]} 19. Nxg2 {[%clk 00:41:23]} {[%emt 00:00:27]} cxd4 {[%clk 00:40:37]}
{[%emt 00:00:51]} 20. exd4 {[%clk 00:41:38]} {[%emt 00:00:16]} Nf6 {[%clk
00:35:04]} {[%emt 00:06:01]} 21. Ne3 {[%clk 00:39:13]} {[%emt 00:02:55]} Rfd8
{[%clk 00:30:45]} {[%emt 00:04:50]} 22. Rd3 {[%clk 00:37:33]} {[%emt 00:02:10]}
Ne4 {[%clk 00:18:48]} {[%emt 00:12:27]} 23. h4 {[%clk 00:34:08]} {[%emt
00:03:54]} Qd7 {[%clk 00:15:59]} {[%emt 00:03:20]} 24. Rb3 {[%clk 00:32:57]}
{[%emt 00:01:40]} Rb8 {[%clk 00:14:21]} {[%emt 00:02:08]} 25. Ra1 {[%clk
00:26:14]} {[%emt 00:07:13]} f5 {[%clk 00:10:38]} {[%emt 00:04:14]} 26. Kh2
{[%clk 00:22:50]} {[%emt 00:03:53]} Bd6 {[%clk 00:08:54]} {[%emt 00:02:14]} 27.
f4 {[%clk 00:16:55]} {[%emt 00:06:25]} Be7 {[%clk 00:07:05]} {[%emt 00:02:19]}
28. Rd3 {[%clk 00:15:47]} {[%emt 00:01:38]} Nc5 {[%clk 00:06:45]} {[%emt
00:00:50]} 29. Rda3 {[%clk 00:14:27]} {[%emt 00:01:50]} Ne4 {[%clk 00:07:10]}
{[%emt 00:00:06]} 1/2-1/2

[Event "ODJM A 2024"]
[Site "Willingen GER"]
[Date "2024.05.25"]
[Round "9"]
[White "Fruth, David"]
[Black "Beyer, Lorenz"]
[Result "1/2-1/2"]
[Termination "normal"]
[Board "14"]
[WhiteElo "1931"]
[BlackElo "1956"]
[WhiteClock "00:51:06"]
[BlackClock "00:53:26"]
[PlyCount "45"]
[WhiteFideId "16257596"]
[BlackFideId "16245393"]
[EventCountry "GER"]
[EventRounds "9"]
[EventType "swiss"]
[EventDate "2024.05.18"]

1. e4 {[%clk 01:30:57]} {[%emt 00:00:02]} e6 {[%clk 01:30:57]} {[%emt
00:00:04]} 2. d4 {[%clk 01:31:22]} {[%emt 00:00:05]} d5 {[%clk 01:31:23]}
{[%emt 00:00:04]} 3. Nc3 {[%clk 01:31:47]} {[%emt 00:00:04]} Nf6 {[%clk
01:31:50]} {[%emt 00:00:04]} 4. Bg5 {[%clk 01:32:11]} {[%emt 00:00:06]} Bb4
{[%clk 01:32:17]} {[%emt 00:00:03]} 5. e5 {[%clk 01:32:34]} {[%emt 00:00:07]}
h6 {[%clk 01:32:43]} {[%emt 00:00:04]} 6. Bc1 {[%clk 01:33:01]} {[%emt
00:00:03]} Ne4 {[%clk 01:32:59]} {[%emt 00:00:13]} 7. Qg4 {[%clk 01:33:29]}
{[%emt 00:00:02]} g6 {[%clk 01:31:31]} {[%emt 00:01:58]} 8. Nge2 {[%clk
01:30:56]} {[%emt 00:03:04]} c5 {[%clk 01:31:40]} {[%emt 00:00:21]} 9. a3
{[%clk 01:30:14]} {[%emt 00:01:13]} Ba5 {[%clk 01:27:17]} {[%emt 00:04:52]} 10.
dxc5 {[%clk 01:30:22]} {[%emt 00:00:21]} Bxc3+ {[%clk 01:26:51]} {[%emt
00:00:56]} 11. Nxc3 {[%clk 01:29:14]} {[%emt 00:01:38]} Nxc3 {[%clk 01:24:25]}
{[%emt 00:02:56]} 12. bxc3 {[%clk 01:29:39]} {[%emt 00:00:05]} Nc6 {[%clk
01:24:51]} {[%emt 00:00:04]} 13. Qg3 {[%clk 01:22:23]} {[%emt 00:07:47]} Qa5
{[%clk 01:24:30]} {[%emt 00:00:51]} 14. Bd2 {[%clk 01:22:20]} {[%emt 00:00:33]}
Qxc5 {[%clk 01:23:38]} {[%emt 00:01:22]} 15. Bd3 {[%clk 01:22:39]} {[%emt
00:00:11]} Bd7 {[%clk 01:23:39]} {[%emt 00:00:28]} 16. O-O {[%clk 01:19:47]}
{[%emt 00:03:23]} O-O-O {[%clk 01:23:05]} {[%emt 00:01:04]} 17. Rfb1 {[%clk
01:18:30]} {[%emt 00:01:47]} Ne7 {[%clk 01:02:28]} {[%emt 00:21:06]} 18. c4
{[%clk 01:10:47]} {[%emt 00:08:13]} Nf5 {[%clk 01:02:01]} {[%emt 00:00:58]} 19.
Qf3 {[%clk 01:00:47]} {[%emt 00:10:30]} Bc6 {[%clk 00:58:08]} {[%emt 00:04:22]}
20. Bb4 {[%clk 01:01:10]} {[%emt 00:00:07]} Qd4 {[%clk 00:58:01]} {[%emt
00:00:37]} 21. Bxf5 {[%clk 00:53:41]} {[%emt 00:07:59]} gxf5 {[%clk 00:57:27]}
{[%emt 00:01:04]} 22. cxd5 {[%clk 00:52:02]} {[%emt 00:02:09]} Bxd5 {[%clk
00:53:26]} {[%emt 00:04:31]} 23. Qc3+ {[%clk 00:51:06]} {[%emt 00:01:26]}
1/2-1/2

[Event "ODJM A 2024"]
[Site "Willingen GER"]
[Date "2024.05.25"]
[Round "9"]
[White "Schulz, Tim"]
[Black "Bilenko, Yaroslav"]
[Result "1/2-1/2"]
[Termination "normal"]
[Board "15"]
[WhiteElo "1850"]
[BlackElo "2136"]
[WhiteClock "00:50:25"]
[BlackClock "01:03:21"]
[PlyCount "41"]
[WhiteFideId "34629165"]
[BlackFideId "34120165"]
[EventCountry "GER"]
[EventRounds "9"]
[EventType "swiss"]
[EventDate "2024.05.18"]

1. d4 {[%clk 01:30:56]} {[%emt 00:00:02]} Nf6 {[%clk 01:30:53]} {[%emt
00:00:08]} 2. Nf3 {[%clk 01:31:22]} {[%emt 00:00:04]} e6 {[%clk 01:31:13]}
{[%emt 00:00:10]} 3. e3 {[%clk 01:31:46]} {[%emt 00:00:04]} c5 {[%clk
01:31:25]} {[%emt 00:00:19]} 4. Bd3 {[%clk 01:30:50]} {[%emt 00:01:25]} b6
{[%clk 01:28:28]} {[%emt 00:03:28]} 5. O-O {[%clk 01:28:38]} {[%emt 00:02:41]}
Bb7 {[%clk 01:28:41]} {[%emt 00:00:17]} 6. Nbd2 {[%clk 01:24:26]} {[%emt
00:04:42]} d5 {[%clk 01:28:32]} {[%emt 00:00:40]} 7. b3 {[%clk 01:23:50]}
{[%emt 00:01:05]} Bd6 {[%clk 01:28:22]} {[%emt 00:00:41]} 8. Bb2 {[%clk
01:23:29]} {[%emt 00:00:51]} O-O {[%clk 01:28:13]} {[%emt 00:00:38]} 9. Qe2
{[%clk 01:18:13]} {[%emt 00:05:45]} Nc6 {[%clk 01:21:17]} {[%emt 00:07:27]} 10.
a3 {[%clk 01:16:36]} {[%emt 00:02:07]} Rc8 {[%clk 01:20:32]} {[%emt 00:01:16]}
11. Rad1 {[%clk 01:14:29]} {[%emt 00:02:37]} a5 {[%clk 01:13:08]} {[%emt
00:07:55]} 12. Ne5 {[%clk 01:12:11]} {[%emt 00:02:45]} Qe7 {[%clk 01:08:26]}
{[%emt 00:05:13]} 13. Ra1 {[%clk 01:03:30]} {[%emt 00:09:12]} Qc7 {[%clk
01:05:33]} {[%emt 00:03:23]} 14. Nxc6 {[%clk 00:58:15]} {[%emt 00:05:44]} Bxc6
{[%clk 01:05:10]} {[%emt 00:00:53]} 15. dxc5 {[%clk 00:57:46]} {[%emt
00:00:59]} bxc5 {[%clk 01:04:18]} {[%emt 00:01:22]} 16. Bxf6 {[%clk 00:57:33]}
{[%emt 00:00:43]} gxf6 {[%clk 01:04:32]} {[%emt 00:00:17]} 17. Bxh7+ {[%clk
00:50:45]} {[%emt 00:07:17]} Kxh7 {[%clk 01:02:08]} {[%emt 00:02:55]} 18. Qh5+
{[%clk 00:49:46]} {[%emt 00:01:28]} Kg7 {[%clk 01:02:31]} {[%emt 00:00:07]} 19.
Qg4+ {[%clk 00:50:00]} {[%emt 00:00:15]} Kh7 {[%clk 01:02:56]} {[%emt
00:00:06]} 20. Qh5+ {[%clk 00:50:05]} {[%emt 00:00:25]} Kg7 {[%clk 01:03:21]}
{[%emt 00:00:05]} 21. Qg4+ {[%clk 00:50:25]} {[%emt 00:00:09]} 1/2-1/2

[Event "ODJM A 2024"]
[Site "Willingen GER"]
[Date "2024.05.25"]
[Round "9"]
[White "Jansen, Malte"]
[Black "Pfaar, Zeno"]
[Result "1/2-1/2"]
[Termination "normal"]
[Board "16"]
[WhiteElo "1835"]
[BlackElo "1961"]
[WhiteClock "00:14:33"]
[BlackClock "00:01:47"]
[PlyCount "66"]
[WhiteFideId "16295137"]
[BlackFideId "34614567"]
[EventCountry "GER"]
[EventRounds "9"]
[EventType "swiss"]
[EventDate "2024.05.18"]

1. e4 {[%clk 01:30:55]} {[%emt 00:00:04]} c5 {[%clk 01:30:50]} {[%emt
00:00:10]} 2. Nf3 {[%clk 01:31:07]} {[%emt 00:00:17]} Nc6 {[%clk 01:31:14]}
{[%emt 00:00:07]} 3. Bc4 {[%clk 01:31:08]} {[%emt 00:00:29]} e6 {[%clk
01:31:27]} {[%emt 00:00:17]} 4. O-O {[%clk 01:31:07]} {[%emt 00:00:31]} a6
{[%clk 01:30:32]} {[%emt 00:01:25]} 5. Re1 {[%clk 01:30:53]} {[%emt 00:00:44]}
b5 {[%clk 01:30:15]} {[%emt 00:00:48]} 6. Bf1 {[%clk 01:30:59]} {[%emt
00:00:23]} Be7 {[%clk 01:19:32]} {[%emt 00:11:13]} 7. c3 {[%clk 01:20:34]}
{[%emt 00:10:55]} d5 {[%clk 01:14:27]} {[%emt 00:05:35]} 8. exd5 {[%clk
01:17:54]} {[%emt 00:03:10]} Qxd5 {[%clk 01:11:43]} {[%emt 00:03:13]} 9. a4
{[%clk 01:14:40]} {[%emt 00:03:46]} b4 {[%clk 01:10:16]} {[%emt 00:01:56]} 10.
d4 {[%clk 01:11:02]} {[%emt 00:04:08]} cxd4 {[%clk 01:07:01]} {[%emt 00:03:45]}
11. cxd4 {[%clk 01:10:20]} {[%emt 00:01:13]} Bb7 {[%clk 00:59:37]} {[%emt
00:07:52]} 12. Be3 {[%clk 01:04:43]} {[%emt 00:06:07]} Nf6 {[%clk 00:59:11]}
{[%emt 00:00:57]} 13. Nbd2 {[%clk 01:02:47]} {[%emt 00:02:26]} O-O {[%clk
00:58:16]} {[%emt 00:01:25]} 14. Nc4 {[%clk 00:58:12]} {[%emt 00:05:05]} Qd8
{[%clk 00:56:48]} {[%emt 00:01:58]} 15. Rc1 {[%clk 00:55:16]} {[%emt 00:03:26]}
Na5 {[%clk 00:53:30]} {[%emt 00:03:47]} 16. b3 {[%clk 00:52:10]} {[%emt
00:03:37]} Nxc4 {[%clk 00:51:47]} {[%emt 00:02:12]} 17. bxc4 {[%clk 00:49:16]}
{[%emt 00:03:25]} h6 {[%clk 00:42:11]} {[%emt 00:10:05]} 18. Ne5 {[%clk
00:44:47]} {[%emt 00:05:00]} Nd7 {[%clk 00:35:47]} {[%emt 00:06:54]} 19. Nd3
{[%clk 00:41:44]} {[%emt 00:03:33]} a5 {[%clk 00:35:07]} {[%emt 00:01:10]} 20.
Qb3 {[%clk 00:36:41]} {[%emt 00:05:33]} Rc8 {[%clk 00:20:41]} {[%emt 00:14:56]}
21. Red1 {[%clk 00:33:57]} {[%emt 00:03:13]} Qe8 {[%clk 00:19:56]} {[%emt
00:01:15]} 22. Nb2 {[%clk 00:33:03]} {[%emt 00:01:25]} Bf6 {[%clk 00:09:49]}
{[%emt 00:10:36]} 23. c5 {[%clk 00:23:37]} {[%emt 00:09:57]} Nb8 {[%clk
00:07:40]} {[%emt 00:02:39]} 24. Bb5 {[%clk 00:22:50]} {[%emt 00:01:16]} Qd8
{[%clk 00:06:59]} {[%emt 00:01:10]} 25. Nc4 {[%clk 00:19:40]} {[%emt 00:03:41]}
Qd5 {[%clk 00:06:53]} {[%emt 00:00:35]} 26. f3 {[%clk 00:19:38]} {[%emt
00:00:32]} Nc6 {[%clk 00:06:17]} {[%emt 00:01:08]} 27. Bxc6 {[%clk 00:19:16]}
{[%emt 00:00:50]} Bxc6 {[%clk 00:06:19]} {[%emt 00:00:28]} 28. Nxa5 {[%clk
00:18:55]} {[%emt 00:00:52]} Qxb3 {[%clk 00:06:17]} {[%emt 00:00:32]} 29. Nxb3
{[%clk 00:19:12]} {[%emt 00:00:12]} Bxa4 {[%clk 00:06:39]} {[%emt 00:00:08]}
30. Rd3 {[%clk 00:18:49]} {[%emt 00:00:53]} Bb5 {[%clk 00:04:32]} {[%emt
00:02:37]} 31. Rd2 {[%clk 00:18:33]} {[%emt 00:00:47]} Ra8 {[%clk 00:03:56]}
{[%emt 00:01:05]} 32. Kf2 {[%clk 00:17:18]} {[%emt 00:01:46]} Ra3 {[%clk
00:03:08]} {[%emt 00:01:17]} 33. Rb1 {[%clk 00:14:33]} {[%emt 00:03:16]} Bc6
{[%clk 00:01:47]} {[%emt 00:01:50]} 1/2-1/2

[Event "ODJM A 2024"]
[Site "Willingen GER"]
[Date "2024.05.25"]
[Round "9"]
[White "Gold, Jan Christian"]
[Black "Mehner, Lorenz"]
[Result "0-1"]
[Termination "normal"]
[Board "17"]
[WhiteElo "1969"]
[BlackElo "1799"]
[WhiteClock "00:40:07"]
[BlackClock "00:01:51"]
[PlyCount "68"]
[WhiteFideId "16298128"]
[BlackFideId "16293096"]
[EventCountry "GER"]
[EventRounds "9"]
[EventType "swiss"]
[EventDate "2024.05.18"]

1. d4 {[%clk 01:13:44]} {[%emt 00:00:03]} Nf6 {[%clk 01:30:55]} {[%emt
00:00:06]} 2. c4 {[%clk 01:13:53]} {[%emt 00:00:20]} c5 {[%clk 01:31:19]}
{[%emt 00:00:06]} 3. d5 {[%clk 01:13:18]} {[%emt 00:01:06]} b5 {[%clk
01:31:42]} {[%emt 00:00:07]} 4. cxb5 {[%clk 01:13:33]} {[%emt 00:00:15]} a6
{[%clk 01:32:00]} {[%emt 00:00:11]} 5. bxa6 {[%clk 01:13:51]} {[%emt 00:00:12]}
g6 {[%clk 01:32:03]} {[%emt 00:00:26]} 6. Nc3 {[%clk 01:14:13]} {[%emt
00:00:09]} Bxa6 {[%clk 01:32:06]} {[%emt 00:00:28]} 7. e4 {[%clk 01:14:27]}
{[%emt 00:00:15]} Bxf1 {[%clk 01:31:34]} {[%emt 00:01:02]} 8. Kxf1 {[%clk
01:14:56]} {[%emt 00:00:02]} d6 {[%clk 01:31:52]} {[%emt 00:00:12]} 9. g3
{[%clk 01:15:15]} {[%emt 00:00:11]} Bg7 {[%clk 01:31:35]} {[%emt 00:00:46]} 10.
Kg2 {[%clk 01:15:40]} O-O {[%clk 01:30:51]} {[%emt 00:01:17]} 11. Nf3 {[%emt
00:01:25]} Nbd7 {[%clk 01:29:50]} {[%emt 00:00:51]} 12. a4 {[%clk 01:15:37]}
{[%emt 00:00:21]} Ra6 {[%clk 01:24:45]} {[%emt 00:05:34]} 13. Qc2 {[%clk
01:15:25]} {[%emt 00:00:42]} Qa8 {[%clk 01:23:28]} {[%emt 00:01:47]} 14. Ra3
{[%clk 01:14:06]} {[%emt 00:01:49]} Nb6 {[%clk 01:08:54]} {[%emt 00:15:04]} 15.
b3 {[%clk 01:13:52]} {[%emt 00:00:45]} Rb8 {[%clk 01:04:38]} {[%emt 00:04:45]}
16. Rd1 {[%clk 01:11:42]} {[%emt 00:02:40]} Rb7 {[%clk 00:54:59]} {[%emt
00:10:09]} 17. Nd2 {[%clk 01:11:21]} {[%emt 00:00:51]} Ne8 {[%clk 00:45:52]}
{[%emt 00:09:37]} 18. Nc4 {[%clk 01:09:39]} {[%emt 00:02:13]} Nxc4 {[%clk
00:42:07]} {[%emt 00:04:15]} 19. bxc4 {[%clk 01:10:07]} {[%emt 00:00:01]} Rb4
{[%clk 00:41:38]} {[%emt 00:00:59]} 20. Qd3 {[%clk 01:10:00]} {[%emt 00:00:38]}
Nf6 {[%clk 00:38:00]} {[%emt 00:04:07]} 21. f4 {[%clk 01:05:23]} {[%emt
00:05:07]} Nd7 {[%clk 00:34:36]} {[%emt 00:03:54]} 22. Bd2 {[%clk 01:04:10]}
{[%emt 00:01:43]} Nb6 {[%clk 00:33:21]} {[%emt 00:01:45]} 23. Ne2 {[%clk
00:56:59]} {[%emt 00:07:42]} Rbxa4 {[%clk 00:22:26]} {[%emt 00:11:24]} 24. Rb3
{[%clk 00:57:07]} {[%emt 00:00:52]} Ra3 {[%clk 00:11:00]} {[%emt 00:12:26]} 25.
Rdb1 {[%clk 00:56:31]} {[%emt 00:01:07]} Nd7 {[%clk 00:10:12]} {[%emt
00:01:17]} 26. Nc1 {[%clk 00:50:05]} {[%emt 00:06:56]} Rxb3 {[%clk 00:07:23]}
{[%emt 00:03:19]} 27. Rxb3 {[%clk 00:50:34]} {[%emt 00:00:01]} Ra4 {[%clk
00:05:36]} {[%emt 00:02:16]} 28. Bc3 {[%clk 00:49:57]} {[%emt 00:01:07]} Bxc3
{[%clk 00:03:49]} {[%emt 00:02:17]} 29. Qxc3 {[%clk 00:50:26]} {[%emt
00:00:02]} Qa6 {[%clk 00:02:56]} {[%emt 00:01:23]} 30. Rb5 {[%clk 00:49:22]}
{[%emt 00:01:34]} f6 {[%clk 00:02:36]} {[%emt 00:00:49]} 31. Qb3 {[%clk
00:47:18]} {[%emt 00:02:35]} Kf7 {[%clk 00:01:49]} {[%emt 00:01:16]} 32. h4
{[%clk 00:43:30]} {[%emt 00:04:19]} Ra1 {[%clk 00:01:38]} {[%emt 00:00:41]} 33.
Qb2 {[%clk 00:41:05]} {[%emt 00:02:55]} Qa3 {[%clk 00:01:29]} {[%emt 00:00:40]}
34. Nd3 {[%clk 00:40:07]} {[%emt 00:01:26]} Ra2 {[%clk 00:01:51]} {[%emt
00:00:09]} 0-1

[Event "ODJM A 2024"]
[Site "Willingen GER"]
[Date "2024.05.25"]
[Round "9"]
[White "Holzwarth, Felix"]
[Black "Tulchynsky, David"]
[Result "1-0"]
[Termination "normal"]
[Board "18"]
[WhiteElo "1976"]
[BlackElo "1854"]
[WhiteClock "00:30:10"]
[BlackClock "00:38:17"]
[PlyCount "45"]
[WhiteFideId "34621377"]
[BlackFideId "16289560"]
[EventCountry "GER"]
[EventRounds "9"]
[EventType "swiss"]
[EventDate "2024.05.18"]

1. Nf3 {[%clk 01:30:55]} {[%emt 00:00:05]} Nf6 {[%clk 01:30:48]} {[%emt
00:00:14]} 2. g3 {[%clk 01:31:20]} {[%emt 00:00:04]} g6 {[%clk 01:31:04]}
{[%emt 00:00:14]} 3. b3 {[%clk 01:31:47]} {[%emt 00:00:03]} Bg7 {[%clk
01:28:36]} {[%emt 00:02:58]} 4. Bb2 {[%clk 01:32:10]} {[%emt 00:00:07]} O-O
{[%clk 01:28:55]} {[%emt 00:00:11]} 5. Bg2 {[%clk 01:32:36]} {[%emt 00:00:04]}
c5 {[%clk 01:25:46]} {[%emt 00:03:39]} 6. O-O {[%clk 01:24:18]} {[%emt
00:08:48]} d5 {[%clk 01:24:58]} {[%emt 00:01:18]} 7. d4 {[%clk 01:09:19]}
{[%emt 00:15:28]} cxd4 {[%clk 01:21:49]} {[%emt 00:03:39]} 8. Nxd4 {[%clk
01:07:28]} {[%emt 00:02:22]} Nc6 {[%clk 01:12:21]} {[%emt 00:09:58]} 9. Nd2
{[%clk 00:57:31]} {[%emt 00:10:26]} Re8 {[%clk 01:09:18]} {[%emt 00:03:33]} 10.
N2f3 {[%clk 00:50:12]} {[%emt 00:07:50]} Qc7 {[%clk 01:03:38]} {[%emt
00:06:10]} 11. Nxc6 {[%clk 00:41:18]} {[%emt 00:09:24]} bxc6 {[%clk 01:01:34]}
{[%emt 00:02:34]} 12. Be5 {[%clk 00:40:44]} {[%emt 00:01:04]} Qb6 {[%clk
01:00:37]} {[%emt 00:01:23]} 13. c4 {[%clk 00:37:48]} {[%emt 00:03:30]} Ba6
{[%clk 00:57:29]} {[%emt 00:03:37]} 14. Qc2 {[%clk 00:35:50]} {[%emt 00:02:29]}
Rac8 {[%clk 00:43:29]} {[%emt 00:14:29]} 15. Bh3 {[%clk 00:33:43]} {[%emt
00:02:37]} e6 {[%clk 00:41:31]} {[%emt 00:02:29]} 16. Qb2 {[%clk 00:30:40]}
{[%emt 00:03:33]} Nh5 {[%clk 00:41:31]} {[%emt 00:00:29]} 17. g4 {[%clk
00:30:55]} {[%emt 00:00:16]} Nf4 {[%clk 00:38:57]} {[%emt 00:03:04]} 18. Bxg7
{[%clk 00:30:59]} {[%emt 00:00:26]} Nxh3+ {[%clk 00:39:21]} {[%emt 00:00:06]}
19. Kg2 {[%clk 00:30:38]} {[%emt 00:00:51]} Nf4+ {[%clk 00:39:34]} {[%emt
00:00:17]} 20. Kh1 {[%clk 00:30:57]} {[%emt 00:00:11]} Nxe2 {[%clk 00:38:38]}
{[%emt 00:01:25]} 21. Bh6 {[%clk 00:29:53]} {[%emt 00:01:35]} e5 {[%clk
00:38:05]} {[%emt 00:01:02]} 22. Qxe2 {[%clk 00:30:16]} {[%emt 00:00:07]} e4
{[%clk 00:38:17]} {[%emt 00:00:17]} 23. Qb2 {[%clk 00:30:10]} {[%emt 00:00:37]}
1-0